| 000 | 00456nam a2200157Ia 4500 | ||
|---|---|---|---|
| 008 | 220216s9999 xx 000 0 und d | ||
| 100 | _aMarques J R B | ||
| 245 | 0 | _aPerformance of new Hevea clones in the SIAL series (first selection) at Una, BA, Brazil | |
| 260 |
_bPesquisa Agropecuaria Brasileira _c1990 |
||
| 300 | _a971-981 | ||
| 500 | _aSource Year: 1992 | ||
| 650 | _aHevea clones | ||
| 700 | _aGoncalves P De S | ||
| 856 | _uPBA | ||
| 942 | _cJS | ||
| 999 |
_c64748 _d64748 |
||